| Tag |
First Indicator |
Second Indicator |
Subfields |
| LEADER |
00000pam a2200000 a 4500 |
| 001 |
in00000571721 |
| 005 |
20151014065106.0 |
| 008 |
841029s1985 nyu 00110 eng |
| 010 |
|
|
|a 84025392
|
| 020 |
|
|
|a 0893972096 :
|c $25.00
|
| 035 |
|
|
|a (OCoLC)11398411
|
| 035 |
|
|
|9 ACN7038AM
|
| 039 |
0 |
|
|a 2
|b 3
|c 3
|d 3
|e 3
|
| 040 |
|
|
|a DLC
|c DLC
|d TXA
|d UtOrBLW
|
| 049 |
|
|
|a TXAM
|c [A08442821]
|
| 050 |
0 |
0 |
|a HD38.7
|b .S28 1985b
|
| 082 |
0 |
|
|a 658.4/72
|2 19
|
| 100 |
1 |
|
|a Saunders, Michael,
|d 1935-
|
| 245 |
1 |
0 |
|a Protecting your business secrets /
|c Michael Saunders.
|
| 264 |
|
1 |
|a New York :
|b Nichols Pub. Co.,
|c 1985.
|
| 300 |
|
|
|a ix, 128 pages ;
|c 23 cm.
|
| 336 |
|
|
|a text
|b txt
|2 rdacontent
|
| 337 |
|
|
|a unmediated
|b n
|2 rdamedia
|
| 338 |
|
|
|a volume
|b nc
|2 rdacarrier
|
| 500 |
|
|
|a Includes index.
|
| 650 |
|
0 |
|a Trade secrets.
|
| 650 |
|
0 |
|a Business intelligence.
|
| 999 |
|
|
|a MARS
|
| 999 |
f |
f |
|s 1df23857-9b78-30f1-8b43-1e3cc2598a9d
|i 196defac-b85d-3eec-8e9b-c87881ad881e
|t 0
|
| 952 |
f |
f |
|p ric
|a Texas A&M University
|b Rellis Campus
|c Joint Library Facility
|d Remote Storage
|t 0
|e HD38.7 .S28 1985b
|h Library of Congress classification
|i unmediated -- volume
|m A14808442821
|
| 998 |
f |
f |
|a HD38.7 .S28 1985b
|t 0
|l Remote Storage
|